Лісоплавна лексика українських говорів Карпат (Запис № 579609)

МАРК-запис
000 -Лідер
fixed length control field 01051 a2200229 4500
003 - Ідентифікатор контрольного номера
control field UA-OsUOA
005 - Дата та час останнього входження (трансакції)
control field 20260120115511.0
008 - Елементи даних фіксованої довжини – загальна інформація
fixed length control field 260120b un ||||| |||| 00| 0 ukr d
020 ## - Міжнародний стандартний книжковий номер (ISBN)
Міжнародний стандартний книжковий номер (ISBN) (НП) 9789669785367
040 ## - Джерело каталогізації
Мова каталогізації ukr
Агенція, яка здійснювала перезапис UA-OsUOA
080 ## - Індекс Універсальної десяткової класифікації
Індекс Універсальної десяткової класифікації (УДК) (НП) 81'37(477.87)
090 ## - Локальний шифр розміщення
Класифікаційний індекс УДК 81'37(477.87)
Авторський знак (НП) С12
100 ## - Основне введення – ім’я особи
Ім’я особи (НП) Сабадош І.
9 (RLIN) 23036
110 ## - Наймення організації – загальна інформація
Найменування колективу або юрисдикції як початковий елемент введення Ужгородський національний університет
9 (RLIN) 23037
245 ## - Відомості про назву
Назва (НП) Лісоплавна лексика українських говорів Карпат
Решта назви (НП) монографія
Дані про відповідальність (НП) Іван Сабадош
260 ## - Публікація, розповсюдження і т.п. (Вихідні дані)
Місце публікації, розповсюдження і т.п. (П) Ужгород
Ім’я/ наймення видавництва, розповсюджувача і т.п. (П) Мельник М. В.
Дата публікації, розповсюдження і т.п. (П) 2025
300 ## - Фізичний опис
Обсяг 383 с.
650 ## - Додаткове предметне введення – тематичний термін
Тематичний термін чи географічна назва, як елемент введення (НП) 81`37 Семантика. В тому числі: Лексикологія, категорії слів. Ономастика. Назви. Етимологія. Лексикографія.
9 (RLIN) 23038
942 ## - Додаткові елементи входу (Коха)
Тип елемента Koha Книги
Source of classification or shelving scheme Universal Decimal Classification
955 ## - Код типу видання за змістом
Код типу видання за змістом (НП) Наукові видання
Фонди
Стан вилучень Стан втрат Джерело класифікації або схеми стелажів Стан уражень Не для кредиту Постійне місце розташування Поточне розміщення Дата придбання Джерело придбання Вартість, звичайна ціна покупки Усього замовленно Повний номер виклику Штрих-код Дата останнього перегляду Вартість, ціна заміни Ціна ефективна від Тип елемента Koha
    Universal Decimal Classification     ЧЗ - Читальна зала ЧЗ - Читальна зала 20/01/2026 №02/19.01.2026 450.00   81'37(477.87) С12 169214 20/01/2026 450.00 20/01/2026 Книги